Vida de Marco Bruto / (Record no. 11666)
[ view plain ]
| 000 -CABECERA | |
|---|---|
| campo de control de longitud fija | 00736cam a2200229 a 4500 |
| 001 - NÚMERO DE CONTROL | |
| campo de control | 000011998 |
| 005 - FECHA Y HORA DE LA ÚLTIMA TRANSACCIÓN | |
| campo de control | 20200929162642.0 |
| 008 - DATOS DE LONGITUD FIJA--INFORMACIÓN GENERAL | |
| campo de control de longitud fija | 791219s1950 ag 000 0bspa d |
| 040 ## - FUENTE DE LA CATALOGACIÓN | |
| Centro catalogador/agencia de origen | DO-SdBNP |
| Lengua de catalogación | spa |
| Centro/agencia transcriptor | BNPHU |
| 082 ## - NÚMERO DE LA CLASIFICACIÓN DECIMAL DEWEY | |
| Número de clasificación | 923.237 |
| Número de documento/Ítem | B913Q, 1950 |
| 049 ## - FONDOS LOCALES (OCLC) | |
| Fondos de biblioteca | BNGR |
| 100 1# - ENTRADA PRINCIPAL--NOMBRE DE PERSONA | |
| Nombre de persona | Quevedo, Francisco de, |
| Fechas asociadas al nombre | 1580-1645 |
| 9 (RLIN) | 6261 |
| 245 10 - MENCIÓN DE TÍTULO | |
| Título | Vida de Marco Bruto / |
| Mención de responsabilidad, etc. | Francisco de Quevedo. |
| 250 ## - MENCIÓN DE EDICIÓN | |
| Mención de edición | 2a ed. |
| 260 ## - PUBLICACIÓN, DISTRIBUCIÓN, ETC. | |
| Lugar de publicación, distribución, etc. | Buenos Aires, Argentina : |
| Nombre del editor, distribuidor, etc. | Espasa-Galpe, |
| Fecha de publicación, distribución, etc. | 1950. |
| 300 ## - DESCRIPCIÓN FÍSICA | |
| Extensión | 148 p. ; |
| Dimensiones | 18 cm. |
| 490 1# - MENCIÓN DE SERIE | |
| Mención de serie | Austral |
| Designación de volumen o secuencia | 957 |
| 600 10 - PUNTO DE ACCESO ADICIONAL DE MATERIA--NOMBRE DE PERSONA | |
| Nombre de persona | BRUTO, MARCO JUNIO, |
| Fechas asociadas al nombre | 85?-42 A.C. |
| 9 (RLIN) | 28395 |
| 651 #4 - PUNTO DE ACCESO ADICIONAL DE MATERIA--NOMBRE GEOGRÁFICO | |
| Nombre geográfico | Roma |
| Subdivisión general | Historia |
| -- | República, 510-30 A.C |
| 9 (RLIN) | 28396 |
| 651 #4 - PUNTO DE ACCESO ADICIONAL DE MATERIA--NOMBRE GEOGRÁFICO | |
| Nombre geográfico | Roma |
| Subdivisión general | Reyes Y Soberanos |
| Subdivisión cronológica | 510-30 A.C. |
| 9 (RLIN) | 28397 |
| 830 #0 - PUNTO DE ACCESO ADICIONAL DE SERIE-TÍTULO UNIFORME | |
| Título uniforme | Austral ; |
| Número de parte o sección de la obra | 957 |
| 9 (RLIN) | 28398 |
| Estado de retiro | Estado de pérdida | Restricciones de uso | No para préstamo | Código de colección | Localización permanente | Ubicación/localización actual | Ubicación en estantería | Fecha de adquisición | Número de inventario | Total de préstamos | Signatura topográfica completa | Código de barras | Fecha visto por última vez | Precio válido a partir de | Tipo de ítem Koha |
|---|---|---|---|---|---|---|---|---|---|---|---|---|---|---|---|
| Monografías: Libros y Folletos | General | General | Depósito | 02.11.2009 | LF1 | 923.237 B913Q, 1950 | 11998-10 | 25.06.2020 | 25.06.2020 | Préstamo en sala |
